000 01353nam a22003614a 4500
001 ebr10315425
003 CaPaEBR
006 m u
007 cr cn|||||||||
008 040909s2005 caua sb 001 0 eng
010 _z 2004057359
040 _aCaPaEBR
_cCaPaEBR
035 _a(OCoLC)503006800
050 1 4 _aHD57.7
_b.W456 2005eb
082 0 4 _a658.4/092
_222
100 1 _aWheatley, Margaret J.
245 1 0 _aFinding our way
_h[electronic resource] :
_bleadership for an uncertain time /
_cMargaret J. Wheatley.
246 3 0 _aLeadership for an uncertain time
250 _a1st ed.
260 _aSan Francisco, CA :
_bBerrett-Koehler Publishers,
_cc2005.
300 _ax, 296 p. :
_bill.
504 _aIncludes bibliographical references (p. 276-278) and index.
533 _aElectronic reproduction.
_bPalo Alto, Calif. :
_cebrary,
_d2013.
_nAvailable via World Wide Web.
_nAccess may be limited to ebrary affiliated libraries.
650 0 _aLeadership.
650 0 _aOrganizational change.
650 0 _aSocial values.
650 0 _aAttitude change.
650 0 _aCooperativeness.
650 0 _aQuality of life.
655 7 _aElectronic books.
_2local
710 2 _aebrary, Inc.
856 4 0 _uhttp://site.ebrary.com/lib/rucke/Doc?id=10315425
_zAn electronic book accessible through the World Wide Web; click to view
999 _c163085
_d163085